The future of international cooperation /
Gardado en:
| Autor Principal: | |
|---|---|
| Formato: | Texto |
| Etiquetas: |
Engadir etiqueta
Sen Etiquetas, Sexa o primeiro en etiquetar este rexistro!
|
MARC
| LEADER | 00000 a a2200000 04500 | ||
|---|---|---|---|
| 001 | 48541 | ||
| 003 | |||
| 040 | |||
| 100 | |a Haan, Leo de | ||
| 245 | |a The future of international cooperation / |c Leo de Haan | ||
| 773 | |g volumen15, número1, (2013), página 12-13 : foto | ||
| 999 | |c 23577 |d 23577 | ||
